Problematika zneuživatelů psychiatrické péče v lůžkovém zařízení

Bibliographic Details
Main Author: Sekot, M. (Author)
Format: Article
Language:Czech

MARC

LEADER 00000nab a2200000uu 4500
001 vtls011145590
003 SK-MaSNL
005 20260303130110.0
008 230218|2009 xo |||||||||||||||||cze|
015 |a SNBRB 
035 |a (urnnbn)urn:nbn:sk:snk:ar-008jpp 
035 |a (uuid)8f94d49c-afee-49bc-9fa0-01ec2640db9e 
035 |a urn:nbn:sk:snk-abawcn 
040 |a SNKBUCL  |b slo  |c SNKBUCL  |e AACR2 
041 0 |a cze 
044 |a xo  |c SK 
100 1 |a Sekot, M.  |4 aut  |9 1144014 
245 1 0 |a Problematika zneuživatelů psychiatrické péče v lůžkovém zařízení  |c M. Sekot 
773 0 |t Česká a slovenská psychiatrie : Časopis české psychiatrické společnosti a slovenskej psychiatrickej spoločnosti  |g Roč. 105, č. 3 (2009), s. 126-128 
954 |a odborná, vedecká literatúra cudzojazyčná (svetová)  |2 lita 
958 |a OND 
958 |a EUIPO 
958 |a article14 
999 |c 1938321  |d 1940251